Inside teaching : Options for English language teaching

Providing options for ELT teachers, this is one of a series for teachers, trainers and academic managers which aims to promote development by dealing with professional topics in a personal way, in order to deepen understanding, raise self-awareness, and encourage self-direction and choice.

Gorde:
Xehetasun bibliografikoak
Egile nagusia: Bowen, Tim
Formatua: Liburua
Hizkuntza:Undetermined
Argitaratua: Oxford McMillan Heinemann 1994
Gaiak:
Etiketak: Etiketa erantsi
Etiketarik gabe, Izan zaitez lehena erregistro honi etiketa jartzen!
Thư viện lưu trữ: Trung tâm Học liệu Trường Đại học Cần Thơ
LEADER 00884nam a2200229Ia 4500
001 CTU_100338
008 210402s9999 xx 000 0 und d
020 |c 165000 
082 |a 420.7 
082 |b B786 
100 |a Bowen, Tim 
245 0 |a Inside teaching : 
245 0 |b Options for English language teaching 
245 0 |c Tim Bowen, Jonathan Marks 
260 |a Oxford 
260 |b McMillan Heinemann 
260 |c 1994 
520 |a Providing options for ELT teachers, this is one of a series for teachers, trainers and academic managers which aims to promote development by dealing with professional topics in a personal way, in order to deepen understanding, raise self-awareness, and encourage self-direction and choice. 
650 |a English language 
650 |x Study and teaching 
904 |i Giang 
980 |a Trung tâm Học liệu Trường Đại học Cần Thơ